[Event "Madrid op"]
[Site "Madrid"]
[Date "2007.05.20"]
[Round "4"]
[White "Liebana Garcia, Miguel Angel"]
[Black "Diaz Charcan, Jose Maria"]
[Result "1/2-1/2"]
[WhiteElo "1810"]
[BlackElo "2104"]
[PlyCount "97"]
[EventDate "2007.05.06"]
[EventType "swiss"]
[EventRounds "9"]
[EventCountry "ESP"]
[SourceTitle "EXT 2008"]
[Source "ChessBase"]
[SourceDate "2007.11.25"]
[SourceVersion "1"]
[SourceVersionDate "2007.11.25"]
[SourceQuality "1"]

1. Nf3 d5 2. d4 c6 3. Bf4 Nf6 4. Nbd2 Bf5 5. e3 e6 6. c4 Be7 7. Qb3 Qc8 8. Be2 Nbd7 9. Ne5 0-0 10. 0-0 c5 11. Nxd7 Qxd7 12. dxc5 Bxc5 13. Rfd1 Qe7 14. Bg5 dxc4 15. Nxc4 h6 16. Bh4 g5 17. Bg3 Ne4 18. Bf3 h5 19. Bxe4 Bxe4 20. Bd6 Bxd6 21. Nxd6 Bd5 22. Qa3 Rfd8 23. e4 Qxd6 24. Qxd6 Rxd6 25. exd5 Rad8 26. Kf1 Rxd5 27. Rxd5 Rxd5 28. Ke2 Rb5 29. b3 Ra5 30. Rc1 Re5+ 31. Kd2 b5 32. Rc6 b4 33. Rc4 Kg7 34. a3 bxa3 35. Ra4 Rd5+ 36. Ke3 f5 37. Rxa3 f4+ 38. Ke4 Kf6 39. h3 Rd2 40. Kf3 Rd5 41. g4 fxg3 42. Kxg3 Kf5 43. Kg2 h4 44. Ra4 Rb5 45. Ra3 e5 46. f3 Rc5 47. Kf2 Kf4 48. Ra4+ Kf5 49. b4 1/2-1/2

[Event "Madrid Pueblo Nuevo IRT 13th"]
[Site "Madrid"]
[Date "2006.11.24"]
[Round "3"]
[White "Liebana Garcia, Miguel Angel"]
[Black "Callejo Hernanz, Jesus Maria"]
[Result "1-0"]
[WhiteElo "1816"]
[BlackElo "1834"]
[PlyCount "85"]
[EventDate "2006.11.02"]
[EventType "tourn"]
[EventRounds "9"]
[EventCountry "ESP"]
[SourceTitle "EXT 2008"]
[Source "ChessBase"]
[SourceDate "2007.11.25"]
[SourceVersion "1"]
[SourceVersionDate "2007.11.25"]
[SourceQuality "1"]

1. Nf3 Nf6 2. d4 c5 3. c3 e6 4. Bf4 d5 5. e3 Be7 6. Nbd2 Nc6 7. Be2 0-0 8. h3 Re8 9. 0-0 Bf8 10. Qc2 g6 11. Rfd1 Bg7 12. dxc5 e5 13. Bg5 Qc7 14. e4 Be6 15. exd5 Bxd5 16. Bxf6 Bxf6 17. Ne4 Bxe4 18. Qxe4 Red8 19. Rxd8+ Rxd8 20. Rd1 Kg7 21. b4 a6 22. Rxd8 Qxd8 23. Bxa6 Qc7 24. Bc4 Ne7 25. a4 Nc6 26. Qd5 h6 27. b5 Na5 28. b6 Qe7 29. Bb5 e4 30. Nd4 e3 31. f3 e2 32. Nxe2 Qe3+ 33. Kf1 Be5 34. f4 Bf6 35. Bc4 Nxc4 36. Qxc4 Kf8 37. c6 Bh4 38. Qd4 Qe6 39. Qh8+ Ke7 40. Qe5 Kd8 41. c7+ Kc8 42. Qh8+ Kd7 43. c8Q+ 1-0

[Event "Madrid Pueblo Nuevo IRT 13th"]
[Site "Madrid"]
[Date "2006.11.14"]
[Round "4"]
[White "Adekola, Adedeji"]
[Black "Liebana Garcia, Miguel Angel"]
[Result "1-0"]
[WhiteElo "2109"]
[BlackElo "1816"]
[PlyCount "129"]
[EventDate "2006.11.02"]
[EventType "tourn"]
[EventRounds "9"]
[EventCountry "ESP"]
[SourceTitle "EXT 2008"]
[Source "ChessBase"]
[SourceDate "2007.11.25"]
[SourceVersion "1"]
[SourceVersionDate "2007.11.25"]
[SourceQuality "1"]

1. e4 c6 2. d4 d5 3. Nc3 dxe4 4. Nxe4 Nd7 5. Nf3 Ngf6 6. Ng3 Qc7 7. Bc4 g6 8. 0-0 Bg7 9. Qe2 Nb6 10. Bb3 Bg4 11. Bxf7+ Kxf7 12. Ne5+ Kf8 13. Nxg4 Nxg4 14. Qxg4 Kf7 15. Bf4 Qd7 16. Qxd7 Nxd7 17. c3 Rhe8 18. Rfe1 e5 19. dxe5 Bxe5 20. Bxe5 Nxe5 21. Rad1 Re7 22. Ne4 h6 23. Nd6+ Kf6 24. b3 b6 25. f4 Nd7 26. Kf2 Nc5 27. Rxe7 Kxe7 28. b4 Ne6 29. f5 Rd8 30. f6+ Kxf6 31. Ne4+ Ke5 32. Rxd8 Nxd8 33. Ke3 Kd5 34. Kd3 Ne6 35. g3 Ke5 36. a4 a6 37. Nd2 b5 38. axb5 axb5 39. Nf3+ Kf5 40. Nd4+ Nxd4 41. Kxd4 Kg4 42. Kc5 Kh3 43. Kxc6 Kxh2 44. Kd5 Kxg3 45. c4 bxc4 46. Kxc4 h5 47. b5 h4 48. b6 h3 49. b7 h2 50. b8Q+ Kg2 51. Qb2+ Kg1 52. Qc1+ Kg2 53. Qd2+ Kg1 54. Qd1+ Kg2 55. Qg4+ Kf2 56. Qh3 Kg1 57. Qg3+ Kh1 58. Kd3 g5 59. Ke2 g4 60. Qe1+ Kg2 61. Qf1+ Kg3 62. Qh1 Kh3 63. Kf1 g3 64. Qg2+ Kg4 65. Qe2+ 1-0

[Event "Madrid Pueblo Nuevo IRT 13th"]
[Site "Madrid"]
[Date "2006.11.02"]
[Round "1"]
[White "Liebana Garcia, Miguel Angel"]
[Black "Tejedo Meneses, Alvaro"]
[Result "0-1"]
[WhiteElo "1816"]
[BlackElo "2022"]
[PlyCount "108"]
[EventDate "2006.11.02"]
[EventType "tourn"]
[EventRounds "9"]
[EventCountry "ESP"]
[SourceTitle "EXT 2008"]
[Source "ChessBase"]
[SourceDate "2007.11.25"]
[SourceVersion "1"]
[SourceVersionDate "2007.11.25"]
[SourceQuality "1"]

1. Nf3 Nf6 2. d4 g6 3. Bf4 Bg7 4. Nbd2 d5 5. e3 0-0 6. Be2 Nbd7 7. 0-0 c5 8. c3 b6 9. Ne5 Bb7 10. a4 a6 11. Nb3 Rc8 12. dxc5 bxc5 13. Qc2 Qb6 14. Rfd1 Rfd8 15. a5 Qa7 16. c4 Qa8 17. Bf3 e6 18. Rd2 Ne4 19. Nxd7 Nxd2 20. Nb6 Nxf3+ 21. gxf3 Qa7 22. Nxc8 Rxc8 23. cxd5 e5 24. Bg3 Bxd5 25. e4 Be6 26. Rc1 c4 27. Nd2 Qc5 28. Qc3 Qb5 29. Rc2 g5 30. h4 h6 31. hxg5 hxg5 32. Qe3 f6 33. Qb6 Kf7 34. Qxb5 axb5 35. b3 c3 36. Nc4 bxc4 37. b4 Bf8 38. b5 Rc5 39. a6 Rxb5 40. Ra2 Rb8 41. f4 exf4 42. Bh2 Bc5 43. Kg2 Ra8 44. f3 Bc8 45. Bg1 Bxg1 46. Kxg1 Rxa6 47. Rc2 Ra3 48. Kf2 Ke6 49. Ke2 Ke5 50. Rc1 Bd7 51. Kf1 Ba4 52. Kg2 c2 53. Kh3 Rxf3+ 54. Kg4 Kxe4 0-1